000 00638nam a2200265Ia 4500
003 OSt
005 20221006142510.0
006 a|||||r|||| 00| 0
007 ta
008 221006b |||||||| |||| 00| 0 eng d
020 _c5.00
024 _a6,481
037 _cTextual
040 _aEASL
_cEASL
_beng
041 _2eng
_aeng
082 _aY.41.N61, K2
100 _aNOSSAL Frederick
245 0 _aDateline peking
260 _aLondon
_bMacdonald
_c1962
300 _a224p.
_ccm.
490 _v CEL
650 _aCEL
942 _hY.41.N61, K2
_cTEXL
_2CC
999 _c1074567
_d1074567